| 000 | 00534nam a2200193Ia 4500 | ||
|---|---|---|---|
| 005 | 20250508162535.0 | ||
| 008 | 008 250505s9999 xx 000 0 eng d | ||
| 037 | _aTextual | ||
| 040 |
_aFEDL _beng _cFEDL |
||
| 041 |
_aeng _2eng |
||
| 084 |
_a157.9, SHA _qFEDL |
||
| 100 |
_aSharma H.L. _9773114 |
||
| 245 | 0 | _aYoga technique of psychotherapy | |
| 260 |
_aDelhi, India _bGDK Publications _c1979 |
||
| 300 | _axiv,92p. | ||
| 650 | _aAbnormal Psychology | ||
| 942 |
_cTEXL _h157.9, SHA |
||
| 999 |
_c1377195 _d1377195 |
||